000 00363 a2200145 4500
001 177259
020 _a
040 _cMagnum
100 _aRocha, Denise Michaloskey da
240 1 0 _aProduzindo leitura e escrita/alfabetizacao
_lpor
245 1 0 _aProduzindo leitura e escrita/alfabetizacao
362 0 _a1899
697 _aMAGNITO: PARADIDATICO
942 _cBK
999 _c177259
_d177259